| 000 | 00427nam a22001697a 4500 | ||
|---|---|---|---|
| 003 | GBCCL | ||
| 005 | 20250923122419.0 | ||
| 008 | 250923b |||||||| |||| 00| 0 eng d | ||
| 040 | _cGBC | ||
| 082 |
_aVER 305.80954 _bGUI 1 |
||
| 100 | _aGuite, H Lianzamang | ||
| 245 | _aHauzel genealogy | ||
| 260 |
_aLamka : _bHaukhum Hauzel, _c2006 |
||
| 300 | _a189p. ; | ||
| 650 |
_aHauzel _vPaite _zNorth east India |
||
| 942 |
_2ddc _cBK _n0 |
||
| 999 |
_c10940 _d10940 |
||